000 00336nam a22001577a 4500
003 SGT
020 _a9788131262535
082 _a612.015
_bB20S
100 _aSATYANARAYANA, U.
245 _aBIOCHEMISTRY
250 _a5TH
260 _aINDIA
_bELSEVIER PUB
_c2020
300 _a777
650 _aBIOCHEMISTRY
942 _2ddc
_cBK
_0193
999 _c20991
_d20991